| 000 | 00658nam a2200205Ia 4500 | ||
|---|---|---|---|
| 003 | GCL | ||
| 008 | 140319s9999 xx 000 0 ara d | ||
| 040 |
_aGCL / _cGCL |
||
| 082 | 0 | 4 |
_aم _b411 _bغ ر |
| 100 | 1 | _aغانم قدورى الحمد | |
| 245 | 1 | 0 |
_aرسم المصحف. دراسة لغوية تاريخية / _cغانم قدورى الحمد |
| 260 |
_a[S.N] : _bاللجنة الوطنية للاحتفال بمطلع القرن ، _c1982 |
||
| 300 | _a822 ص | ||
| 650 | 0 | 4 | _aالكتابة |
| 650 | 0 | 4 | _aاللغة العربية |
| 650 | 0 | 4 | _aالخط |
| 650 | 0 | 4 | _aالمصاحف - رسم |
| 650 | 0 | 4 | _aالقران |
| 942 |
_2ddc _cREF |
||
| 999 |
_c59215 _d59215 |
||